Selected Letters of Rabindranath Tagore (Record no. 188448)

MARC details
000 -LEADER
fixed length control field 00499nam a2200193Ia 4500
008 - FIXED-LENGTH DATA ELEMENTS--GENERAL INFORMATION
fixed length control field 240823s9999||||xx |||||||||||||| ||und||
020 ## - INTERNATIONAL STANDARD BOOK NUMBER
International Standard Book Number 81-7596-225-0
082 ## - DEWEY DECIMAL CLASSIFICATION NUMBER
-- 891.4414 P5
100 ## - MAIN ENTRY--PERSONAL NAME
Personal name Krishna Dutta and Andrew Robinson
245 #0 - TITLE STATEMENT
Title Selected Letters of Rabindranath Tagore
250 ## - EDITION STATEMENT
Edition statement 1st
260 ## - PUBLICATION, DISTRIBUTION, ETC. (IMPRINT)
Date of publication, distribution, etc 2005
Name of publisher, distributor, etc "Canbridge University Press,New york"
500 ## - GENERAL NOTE
General note YES
650 ## - SUBJECT ADDED ENTRY--TOPICAL TERM
Topical term or geographic name as entry element Letters
942 ## - ADDED ENTRY ELEMENTS (KOHA)
Item type Books
Holdings
Withdrawn status Lost status Damaged status Permanent location Current location Date acquired Source of acquisition Cost, normal purchase price Full call number Barcode Date last seen Koha item type
      CENTRAL LIBRARY, NOORUL ISLAM CENTRE FOR HIGHER EDUCATION CENTRAL LIBRARY, NOORUL ISLAM CENTRE FOR HIGHER EDUCATION 11/28/2011 Sudarsan Books 325.00 891.4414 P5 40868 08/23/2024 Books
Visitors:
Copyright © 2024 Central Library NICHE.  All rights reserved.